5-gwiazdkowe kluby w FC 26 - Statystyki

Ogólne statystyki
  • Ten quiz został rozwiązany 74 razy
  • Średni wynik to 7 z 7
Statystyki odpowiedzi
Kraj Klub % Poprawnych
Anglia Manchester City
100%
Francja PSG
100%
Hiszpania Real Madryt
100%
Anglia Arsenal
99%
Hiszpania FC Barcelona
99%
Anglia Liverpool
99%
Niemcy Bayern Monachium
97%
Nie znaleziono quizów pasujących do podanych kryteriów
Rozkład punktacji
Procent ludzi z każdym wynikiem
Percentyl według liczby udzielonych odpowiedzi
Twoja historia wyników
Nie rozwiązałeś tego quizu